<?xml version="1.0" encoding="UTF-8"?><?xml-stylesheet type="text/xsl" href="static/style.xsl"?><OAI-PMH xmlns="http://www.openarchives.org/OAI/2.0/" xmlns:xsi="http://www.w3.org/2001/XMLSchema-instance" xsi:schemaLocation="http://www.openarchives.org/OAI/2.0/ http://www.openarchives.org/OAI/2.0/OAI-PMH.xsd"><responseDate>2026-04-17T20:00:47Z</responseDate><request verb="GetRecord" identifier="oai:www.recercat.cat:10459.1/466000" metadataPrefix="marc">https://recercat.cat/oai/request</request><GetRecord><record><header><identifier>oai:recercat.cat:10459.1/466000</identifier><datestamp>2025-10-27T19:35:25Z</datestamp><setSpec>com_2072_3622</setSpec><setSpec>col_2072_479130</setSpec></header><metadata><record xmlns="http://www.loc.gov/MARC21/slim" xmlns:dcterms="http://purl.org/dc/terms/" xmlns:xsi="http://www.w3.org/2001/XMLSchema-instance" xmlns:doc="http://www.lyncode.com/xoai" xsi:schemaLocation="http://www.loc.gov/MARC21/slim http://www.loc.gov/standards/marcxml/schema/MARC21slim.xsd">
   <leader>00925njm 22002777a 4500</leader>
   <datafield ind2=" " ind1=" " tag="042">
      <subfield code="a">dc</subfield>
   </datafield>
   <datafield ind2=" " ind1=" " tag="720">
      <subfield code="a">Llevot Calvet, Núria</subfield>
      <subfield code="e">author</subfield>
   </datafield>
   <datafield ind2=" " ind1=" " tag="720">
      <subfield code="a">Garreta i Bochaca, Jordi</subfield>
      <subfield code="e">author</subfield>
   </datafield>
   <datafield ind2=" " ind1=" " tag="260">
      <subfield code="c">2024-03-20</subfield>
   </datafield>
   <datafield ind2=" " ind1=" " tag="520">
      <subfield code="a">In Spain intercultural mediation developed within the framework of interculturality fostered by the European Union and stimulated by the arrival of foreign-origin populations. This has meant rethinking the policies and actions implemented to incorporate this new population. The schools, which reflect the social reality, have gradually responded to the needs that have been detected. Thus, within inclusiveness, interculturality and intercultural education, it was believed that the intercultural mediator was a figure (whether professional or natural) whose work could improve intercultural relations. From a survey of representatives of management teams (from 1,730 Spanish primary schools), the extent to which intercultural mediation are used and the functions attributed. The results indicate that intercultural mediation has not been consolidated, but competes with other professional profiles for its own field of intervention. Furthermore, although the mediators are positively valued, their action is mainly focused on conflict resolution.</subfield>
   </datafield>
   <datafield ind2=" " ind1=" " tag="520">
      <subfield code="a">This work was supported by the R+D+i projects “Research Challenges” corresponding to the State Program for R+D+i Oriented to the Challenges of Society, within the framework of the State Plan for Scientific and Technical Research and Innovation 2017-2020 (Ministry of Science, Innovation and Universities, resolution CSO2017-84872-R).</subfield>
   </datafield>
   <datafield tag="653" ind2=" " ind1=" ">
      <subfield code="a">Intercultural mediation</subfield>
   </datafield>
   <datafield tag="653" ind2=" " ind1=" ">
      <subfield code="a">Interpreting</subfield>
   </datafield>
   <datafield tag="653" ind2=" " ind1=" ">
      <subfield code="a">Foreign-origin pupils</subfield>
   </datafield>
   <datafield tag="653" ind2=" " ind1=" ">
      <subfield code="a">Primary education</subfield>
   </datafield>
   <datafield tag="653" ind2=" " ind1=" ">
      <subfield code="a">Spain</subfield>
   </datafield>
   <datafield ind2="0" ind1="0" tag="245">
      <subfield code="a">Intercultural mediation in school. The Spanish education system and growing cultural diversity</subfield>
   </datafield>
</record></metadata></record></GetRecord></OAI-PMH>